| 000 | 00628nam a2200265Ia 4500 | ||
|---|---|---|---|
| 008 | 181129s9999 xx 000 0 und d | ||
| 020 | _a9780545480260 | ||
| 050 | _bL473 2013 | ||
| 100 | _aLedger, Kate | ||
| 245 | 0 | _aSchool bully, beware! / | |
| 245 | 0 | _cby Kate Ledger ; illustrated by Kyla May. | |
| 260 | _aNew York, NY : | ||
| 260 | _bScholastic, | ||
| 260 | _c2013 | ||
| 300 | _a32 pages : | ||
| 300 | _bcolor illustrations ; | ||
| 300 | _c23cm. | ||
| 440 | _aTwin magic. | ||
| 500 | _a390L | ||
| 650 | _aBullying. | ||
| 650 | _aMagic. | ||
| 650 | _aTwins. | ||
| 700 | _aSeries. | ||
| 700 | _aTitle. | ||
| 999 |
_c360013 _d360013 |
||